Devlin's exercises in plant physiology (Record no. 1208849)

MARC details
000 -LEADER
fixed length control field 01145nam a2200349Ia 4500
003 - CONTROL NUMBER IDENTIFIER
control field OSt
005 - DATE AND TIME OF LATEST TRANSACTION
control field 20221007121416.0
008 - FIXED-LENGTH DATA ELEMENTS--GENERAL INFORMATION
fixed length control field 221006b |||||||| |||| 00| 0 eng d
020 ## - INTERNATIONAL STANDARD BOOK NUMBER
International Standard Book Number 9789385998812 (pbk)
037 ## - SOURCE OF ACQUISITION
Terms of availability Textual
040 ## - CATALOGING SOURCE
Original cataloging agency BDL
Transcribing agency BDL
Language of cataloging eng
041 ## - LANGUAGE CODE
Source of code eng
Language code of text/sound track or separate title eng
100 ## - MAIN ENTRY--PERSONAL NAME
Personal name Devlin Robert M
9 (RLIN) 711816
245 #0 - TITLE STATEMENT
Title Devlin's exercises in plant physiology
Remainder of title Witham Francis H Blaydes David F
250 ## - EDITION STATEMENT
Edition statement 2
260 ## - PUBLICATION, DISTRIBUTION, ETC.
Place of publication, distribution, etc. New
Name of publisher, distributor, etc. Delhi Medtech
Date of publication, distribution, etc. 2017
300 ## - PHYSICAL DESCRIPTION
Extent xi, 324p. ill.
Dimensions cm.
500 ## - GENERAL NOTE
General note Appendix I-VI 293-318p.; Index 320-324p.
650 ## - SUBJECT ADDED ENTRY--TOPICAL TERM
Topical term or geographic name entry element Gravitropism
9 (RLIN) 711817
650 ## - SUBJECT ADDED ENTRY--TOPICAL TERM
Topical term or geographic name entry element Hill reaction
9 (RLIN) 711818
650 ## - SUBJECT ADDED ENTRY--TOPICAL TERM
Topical term or geographic name entry element Proteins
9 (RLIN) 400913
650 ## - SUBJECT ADDED ENTRY--TOPICAL TERM
Topical term or geographic name entry element Water portential
9 (RLIN) 711819
650 ## - SUBJECT ADDED ENTRY--TOPICAL TERM
Topical term or geographic name entry element Pototropism
9 (RLIN) 711820
700 ## - ADDED ENTRY--PERSONAL NAME
Personal name Blaydes David F
9 (RLIN) 711821
700 ## - ADDED ENTRY--PERSONAL NAME
Personal name Witham Francis H
9 (RLIN) 711822
942 ## - ADDED ENTRY ELEMENTS (KOHA)
Classification part I:3, Q7 Carb
Koha item type Textual
Source of classification or shelving scheme Colon Classification (CC)
Holdings
Withdrawn status Lost status Source of classification or shelving scheme Damaged status Not for loan Home library Current library Date acquired Source of acquisition Total Checkouts Full call number Barcode Date last seen Price effective from Koha item type
    Colon Classification (CC)     Department of Botany Library Department of Botany Library 2022-10-07 3017, 10/03/2017, The Book Seller   I:3 Q7 Carb BD0005909 2022-10-07 2022-10-07 Textual
Copyright @ Delhi University Library System